00392 a2200109 4500001001000000005001700010008004100027245009300068100003400161700001900195773006800214ART_5994020260410162010.0260409a 10aLa morigeración del daño. Su novedad en el código civil y comercial de la nación1 aFossaceca, Carlos Alberto (h)1 aMoreyra, Pilar0 tTemas de derecho civilg- Año 9, N° 12 (dic. 2023)wREV34778